<?xml version="1.0" encoding="UTF-8"?>
<record
    xmlns:xsi="http://www.w3.org/2001/XMLSchema-instance"
    xsi:schemaLocation="http://www.loc.gov/MARC21/slim http://www.loc.gov/standards/marcxml/schema/MARC21slim.xsd"
    xmlns="http://www.loc.gov/MARC21/slim">

  <leader>02587nam a2200385 a 4500</leader>
  <controlfield tag="003">DO-SdBNP</controlfield>
  <controlfield tag="005">20221122134018.0</controlfield>
  <controlfield tag="007">ta</controlfield>
  <controlfield tag="008">221122e19802020sp ac||gre||| 001 pdspa d</controlfield>
  <datafield tag="020" ind1=" " ind2=" ">
    <subfield code="a">9798782949075, v.4</subfield>
  </datafield>
  <datafield tag="020" ind1=" " ind2=" ">
    <subfield code="a">9798782686673, v.5-A</subfield>
  </datafield>
  <datafield tag="020" ind1=" " ind2=" ">
    <subfield code="a">9798782884017, v.5-B</subfield>
  </datafield>
  <datafield tag="020" ind1=" " ind2=" ">
    <subfield code="a">97987780893297, v.6</subfield>
  </datafield>
  <datafield tag="020" ind1=" " ind2=" ">
    <subfield code="a">9798451353912, v.7</subfield>
  </datafield>
  <datafield tag="040" ind1=" " ind2=" ">
    <subfield code="a">DO-SdBNP</subfield>
    <subfield code="b">spa</subfield>
    <subfield code="c">BNPHU</subfield>
  </datafield>
  <datafield tag="082" ind1=" " ind2="4">
    <subfield code="2">22</subfield>
    <subfield code="b">M516o</subfield>
  </datafield>
  <datafield tag="100" ind1="1" ind2=" ">
    <subfield code="9">25501</subfield>
    <subfield code="a">Mej&#xED;a, Manuel Antonio</subfield>
    <subfield code="e">1967-</subfield>
  </datafield>
  <datafield tag="245" ind1="1" ind2="0">
    <subfield code="a">Obra po&#xE9;tica completa:</subfield>
    <subfield code="b">[1980 - 1982]. /</subfield>
    <subfield code="c">Manuel Antonio Mej&#xED;a</subfield>
  </datafield>
  <datafield tag="260" ind1=" " ind2=" ">
    <subfield code="a">Madrid, Espa&#xF1;a :</subfield>
    <subfield code="b">[s.n.],</subfield>
    <subfield code="c">2022</subfield>
  </datafield>
  <datafield tag="300" ind1=" " ind2=" ">
    <subfield code="a">4 v. :</subfield>
    <subfield code="b">il., retr. ;</subfield>
    <subfield code="c">29 cm.</subfield>
  </datafield>
  <datafield tag="500" ind1=" " ind2=" ">
    <subfield code="a">La Biblioteca posee los vol&#xFA;menes, 4, 5, 6 y 7.</subfield>
  </datafield>
  <datafield tag="500" ind1=" " ind2=" ">
    <subfield code="a">v.5  contiene dos libros; v.5 A y v.5 B.</subfield>
  </datafield>
  <datafield tag="500" ind1=" " ind2=" ">
    <subfield code="a">Incluye datos biogr&#xE1;ficos del autor p. 443 - 451 del (v.4)</subfield>
  </datafield>
  <datafield tag="505" ind1=" " ind2=" ">
    <subfield code="a">v.4, 1980 - 1982. </subfield>
    <subfield code="g">Pr&#xF3;logos (2011- 2020). (Prosas Po&#xE9;tica 1980 - 1982). </subfield>
    <subfield code="t">Alumbrar Literario.-- In&#xE9;dito de mi Juventud: Contempla los Escritos sueltos.-- </subfield>
    <subfield code="t">1. Relatos de un muchacho (1980).--</subfield>
    <subfield code="t">2. Versos al Vuelo de las &#xC1;guilas (1980).--</subfield>
    <subfield code="t">3. Gorriones Corriendo Junto al Sue&#xF1;o (1982).</subfield>
  </datafield>
  <datafield tag="505" ind1=" " ind2=" ">
    <subfield code="a">v.5:   [1990 - 2000]: Sobre el Cimiento de las Obras.</subfield>
    <subfield code="t">1. El Idioma de la Soledad (1985).--</subfield>
    <subfield code="t">2. Catorce a&#xF1;os de Fr&#xED;o el D&#xED;a Veintitr&#xE9;s del Once del Noventa y Uno (1990 - 1991)</subfield>
    <subfield code="t">3. La Palabra M&#xE1;s Grande de este Mundo (1992 ),--</subfield>
    <subfield code="t">4. Carne de los Sue&#xF1;os (1987 - 1991).--</subfield>
    <subfield code="t">5. Dos para m&#xE1;s [(1988 -1989) (1990 - 1995) (1985 - 2000), (200 - 2010) (2010 - 2020)].--</subfield>
    <subfield code="t">6. La Noche Descalza (1989 - 1994).--</subfield>
  </datafield>
  <datafield tag="505" ind1=" " ind2=" ">
    <subfield code="a">v.6:  [2000 - 2010]: Sobre el Cimiento de las Obras.</subfield>
    <subfield code="t">1. Mi Ej&#xE9;rcito (2003 - 2005).--</subfield>
    <subfield code="t">2. Verbo amar (2005 - 2006).--</subfield>
    <subfield code="t">3. Promesa (2000).--</subfield>
    <subfield code="t">4. Un Diluvio de Sue&#xF1;os (2010 ).--</subfield>
    <subfield code="t">5. Melod&#xED;a Anterior y Dorada (2010...).--</subfield>
    <subfield code="t">6. Verbo Volar (2010...).--</subfield>
    <subfield code="t">7. el Turno de la Luna, 2010...2015 ( Obra Aneja).</subfield>
  </datafield>
  <datafield tag="505" ind1=" " ind2=" ">
    <subfield code="a">v.7 :  [2010 - 2020]: Sobre el Cimiento de las Obras.</subfield>
    <subfield code="t">1. Mieles de Otros MUndos (2010 - 2016).--</subfield>
    <subfield code="t">2. Convergen las olas (2010).--</subfield>
    <subfield code="t">3. El Ser humano de mi Voz (2010 - 2014).--</subfield>
    <subfield code="t">4. Eleg&#xED;a para un Ombligo que se parece a Venus (2011 - 2012).--</subfield>
    <subfield code="t">5. Fabricarte con mis Besos (20147 - 2020).</subfield>
  </datafield>
  <datafield tag="590" ind1=" " ind2=" ">
    <subfield code="a">Inventariado 2022 / MF</subfield>
  </datafield>
  <datafield tag="600" ind1=" " ind2="4">
    <subfield code="9">25501</subfield>
    <subfield code="a">Mej&#xED;a, Manuel Antonio</subfield>
    <subfield code="t">Obra Po&#xE9;tica Completa</subfield>
    <subfield code="v">Autobiograf&#xED;a</subfield>
    <subfield code="z">Rep&#xFA;blica Dominicana</subfield>
  </datafield>
  <datafield tag="650" ind1=" " ind2="4">
    <subfield code="a">Literatura </subfield>
    <subfield code="x">Rep&#xFA;blica Dominicana</subfield>
    <subfield code="9">81604</subfield>
  </datafield>
  <datafield tag="650" ind1=" " ind2="4">
    <subfield code="9">9729</subfield>
    <subfield code="a">Poes&#xED;a</subfield>
    <subfield code="x">Colecciones</subfield>
    <subfield code="z">Rep&#xFA;blica Dominicana</subfield>
  </datafield>
  <datafield tag="650" ind1=" " ind2="4">
    <subfield code="9">39335</subfield>
    <subfield code="a">Prosa Po&#xE9;tica</subfield>
    <subfield code="x">Colecciones</subfield>
    <subfield code="z">Rep&#xFA;blica Dominicana</subfield>
  </datafield>
  <datafield tag="910" ind1=" " ind2=" ">
    <subfield code="a">MFeliz</subfield>
  </datafield>
  <datafield tag="942" ind1=" " ind2=" ">
    <subfield code="2">ddc</subfield>
    <subfield code="c">LBS1</subfield>
  </datafield>
  <datafield tag="952" ind1=" " ind2=" ">
    <subfield code="0">0</subfield>
    <subfield code="1">0</subfield>
    <subfield code="2">ddc</subfield>
    <subfield code="5">1</subfield>
    <subfield code="7">0</subfield>
    <subfield code="8">PD</subfield>
    <subfield code="a">BNPHU</subfield>
    <subfield code="b">BNPHU</subfield>
    <subfield code="d">2022-07-14</subfield>
    <subfield code="e">Dep&#xF3;sito legal</subfield>
    <subfield code="o">M516o</subfield>
    <subfield code="p">2022-5542</subfield>
    <subfield code="r">2022-11-22</subfield>
    <subfield code="t">v.4</subfield>
    <subfield code="w">2022-11-22</subfield>
    <subfield code="y">LBS1</subfield>
  </datafield>
  <datafield tag="952" ind1=" " ind2=" ">
    <subfield code="0">0</subfield>
    <subfield code="1">0</subfield>
    <subfield code="2">ddc</subfield>
    <subfield code="5">1</subfield>
    <subfield code="7">0</subfield>
    <subfield code="8">PD</subfield>
    <subfield code="a">BNPHU</subfield>
    <subfield code="b">BNPHU</subfield>
    <subfield code="c">CT</subfield>
    <subfield code="d">2022-07-14</subfield>
    <subfield code="e">Dep&#xF3;sito legal</subfield>
    <subfield code="o">M516o</subfield>
    <subfield code="p">2022-5543</subfield>
    <subfield code="r">2022-11-22</subfield>
    <subfield code="t">v.5</subfield>
    <subfield code="w">2022-11-22</subfield>
    <subfield code="y">LBS1</subfield>
  </datafield>
  <datafield tag="952" ind1=" " ind2=" ">
    <subfield code="0">0</subfield>
    <subfield code="1">0</subfield>
    <subfield code="2">ddc</subfield>
    <subfield code="5">1</subfield>
    <subfield code="7">0</subfield>
    <subfield code="8">PD</subfield>
    <subfield code="a">BNPHU</subfield>
    <subfield code="b">BNPHU</subfield>
    <subfield code="c">CT</subfield>
    <subfield code="d">2022-07-14</subfield>
    <subfield code="e">Dep&#xF3;sito legal</subfield>
    <subfield code="o">M516o</subfield>
    <subfield code="p">2022-5544</subfield>
    <subfield code="r">2022-11-22</subfield>
    <subfield code="t">v.5, e.2</subfield>
    <subfield code="w">2022-11-22</subfield>
    <subfield code="y">LBS1</subfield>
  </datafield>
  <datafield tag="952" ind1=" " ind2=" ">
    <subfield code="0">0</subfield>
    <subfield code="1">0</subfield>
    <subfield code="2">ddc</subfield>
    <subfield code="5">1</subfield>
    <subfield code="7">0</subfield>
    <subfield code="8">PD</subfield>
    <subfield code="a">BNPHU</subfield>
    <subfield code="b">BNPHU</subfield>
    <subfield code="c">CT</subfield>
    <subfield code="d">2022-07-14</subfield>
    <subfield code="e">Dep&#xF3;sito legal</subfield>
    <subfield code="o">M516o</subfield>
    <subfield code="p">2022-5545</subfield>
    <subfield code="r">2022-11-22</subfield>
    <subfield code="t">v.6</subfield>
    <subfield code="w">2022-11-22</subfield>
    <subfield code="y">LBS1</subfield>
  </datafield>
  <datafield tag="952" ind1=" " ind2=" ">
    <subfield code="0">0</subfield>
    <subfield code="1">0</subfield>
    <subfield code="2">ddc</subfield>
    <subfield code="5">1</subfield>
    <subfield code="7">0</subfield>
    <subfield code="8">PD</subfield>
    <subfield code="a">BNPHU</subfield>
    <subfield code="b">BNPHU</subfield>
    <subfield code="c">CT</subfield>
    <subfield code="d">2022-07-14</subfield>
    <subfield code="e">Dep&#xF3;sito legal</subfield>
    <subfield code="l">0</subfield>
    <subfield code="o">M516o</subfield>
    <subfield code="p">2022-5549</subfield>
    <subfield code="r">2022-11-22</subfield>
    <subfield code="t">v.7</subfield>
    <subfield code="w">2022-11-22</subfield>
    <subfield code="y">LBS1</subfield>
  </datafield>
  <datafield tag="999" ind1=" " ind2=" ">
    <subfield code="c">52982</subfield>
    <subfield code="d">52982</subfield>
  </datafield>
</record>
